Modern algebra and trigonometry / (Record no. 182110)
[ view plain ]
| 000 -LEADER | |
|---|---|
| fixed length control field | 01215 a2200181 4500 |
| 003 - CONTROL NUMBER IDENTIFIER | |
| control field | Nust |
| 005 - DATE AND TIME OF LATEST TRANSACTION | |
| control field | 20221115125023.0 |
| 040 ## - CATALOGING SOURCE | |
| Transcribing agency | Nust |
| 082 ## - DEWEY DECIMAL CLASSIFICATION NUMBER | |
| Classification number | 512.13,VAN |
| 100 ## - MAIN ENTRY--PERSONAL NAME | |
| Personal name | Vance, Elbridge Putnam |
| 9 (RLIN) | 39135 |
| 245 ## - TITLE STATEMENT | |
| Title | Modern algebra and trigonometry / |
| Statement of responsibility, etc. | Elbridge P. Vance |
| 250 ## - EDITION STATEMENT | |
| Edition statement | 2d ed. |
| 260 ## - PUBLICATION, DISTRIBUTION, ETC. | |
| Place of publication, distribution, etc. | Reading, Mass., |
| Name of publisher, distributor, etc. | Addison-Wesley Pub. Co. |
| Date of publication, distribution, etc. | [1968] |
| 300 ## - PHYSICAL DESCRIPTION | |
| Extent | xi, 432 p. illus. |
| Other physical details | part col. 24 cm. |
| 505 ## - FORMATTED CONTENTS NOTE | |
| Formatted contents note | Sets and Numbers (Page-1), The Algebra of Numbers as a Logical Systems (Page-20), Extensions of the Logic of Algebra (Page-33), Inequalities Absolute Values and Coordinate Systems (Page-64), Functions and Their Graphical Representation (Page-87), The Circular Functions (Page-99), Linear and Quadratic Functions (Page-144), Determinants (Page-189), Polynomial Functions (Page-206), Inverse Functions (Page-220), Permutations Combinations and the Binomial Theorem (Page-233), Mathematical Induction (Page-250), Exponential and Logarithmic Functions (Page-257), Applications of the Circular Functions (Page-280), Applications of the Circular Functions to Angles (Page-293), Complex Numbers(Page-322). |
| 650 ## - SUBJECT ADDED ENTRY--TOPICAL TERM | |
| Topical term or geographic name entry element | Modern algebra and trigonometry |
| 9 (RLIN) | 102640 |
| 942 ## - ADDED ENTRY ELEMENTS (KOHA) | |
| Source of classification or shelving scheme | |
| Koha item type | Book |
| Call number prefix | 512.13,VAN |
| Withdrawn status | Lost status | Source of classification or shelving scheme | Damaged status | Not for loan | Collection code | Permanent Location | Current Location | Date acquired | Total Checkouts | Full call number | Barcode | Date last seen | Price effective from | Koha item type | Shelving location | Public note |
|---|---|---|---|---|---|---|---|---|---|---|---|---|---|---|---|---|
| Military College of Signals (MCS) | Military College of Signals (MCS) | 12/12/2016 | 512.13 VAN | MCS20725 | 12/08/2016 | 12/12/2016 | Book | |||||||||
| Military College of Signals (MCS) | Military College of Signals (MCS) | 12/12/2016 | 512.13,VAN | MCS20731 | 12/08/2016 | 12/12/2016 | Book | General Stacks | Almirah No.11, Shelf No.2 | |||||||
| Military College of Signals (MCS) | Military College of Signals (MCS) | 12/12/2016 | 512.13,VAN | MCS7646 | 12/08/2016 | 12/12/2016 | Book | General Stacks | Almirah No.11, Shelf No.2 |
